Arjunawijaya : A kakawin of Mpu Tantular /
The present translation of the kakawin Arjunawijaya appeared earlier as the author's Pd.D. thesis for the Australian National University in 1971. The poem under study only became better known to Western scholars in 1849, when R. Friederich described it. Although many scholars in the field have...
مؤلفون آخرون:
التنسيق: كتاب الكتروني
اللغة: English
منشور في:
Leiden ; Boston :
Brill,
1977.
سلاسل:
Asian Studies - Book Archive pre-2000.
Bibliotheca Indonesica ;
14.
الموضوعات:
الوصول للمادة أونلاين: Login to view Source
الوسوم: إضافة وسم
رقم الطلب: PL5158.9.T26
| LEADER | 03204nam a22004818i 4500 | ||
|---|---|---|---|
| 001 | BRILL9789004644588 | ||
| 003 | nllekb | ||
| 005 | 20250515095716.0 | ||
| 006 | m d | ||
| 007 | cr un uuuua | ||
| 008 | 250423s1977 gw sb 001 0 eng d | ||
| 020 | |a 9789004644588 |q (electronic book) | ||
| 020 | |z 9789024719358 |q (print) | ||
| 024 | 7 | |a 10.1163/9789004644588 |2 DOI | |
| 040 | |a NL-LeKB |c NL-LeKB |e rda | ||
| 041 | |a eng | ||
| 050 | 4 | |a PL5158.9.T26 | |
| 072 | 7 | |a DSB |2 bicssc | |
| 072 | 7 | |a LIT |x 000000 |2 bisacsh | |
| 082 | 0 | 4 | |a 499/.222 |2 23 |
| 245 | 1 | 0 | |a Arjunawijaya : |b A kakawin of Mpu Tantular / |c edited by S. Supomo. |
| 246 | 3 | |a A kakawin of Mpu Tantular | |
| 264 | 1 | |a Leiden ; |a Boston : |b Brill, |c 1977. | |
| 264 | 4 | |c ©1977 | |
| 336 | |a text |b txt |2 rdacontent | ||
| 337 | |a computer |b c |2 rdamedia | ||
| 338 | |a online resource |2 rdacarrier | ||
| 490 | 1 | |a Asian Studies - Book Archive pre-2000 | |
| 490 | 1 | |a Bibliotheca Indonesica ; |v 14 | |
| 504 | |a Includes bibliographical references and index. | ||
| 505 | 0 | |t Front Matter -- Preliminary Material / |r Editor: S. Supomo -- Translation / |r S. Supomo -- Back Matter -- Notes to the Translation / |r Editor: S. Supomo -- New Javanese Renderings of the Arjunawijaya / |r Editor: S. Supomo -- List of Proper Names Occurring in the Arjunawijaya / |r Editor: S. Supomo -- List of Metres Occurring in the Arjunawijaya / |r Editor: S. Supomo -- A. Abbreviations / |r Editor: S. Supomo -- B. Bibliography / |r Editor: S. Supomo -- A. Javanese Index / |r Editor: S. Supomo -- B. General Index / |r Editor: S. Supomo. | |
| 520 | |a The present translation of the kakawin Arjunawijaya appeared earlier as the author's Pd.D. thesis for the Australian National University in 1971. The poem under study only became better known to Western scholars in 1849, when R. Friederich described it. Although many scholars in the field have been familiar with the poem ever since, no separate study has been devoted to it. It is now published together with the translation and its explanatory notes. The punctuation marks which the author introduces in the body of the text are admittedly still tentative and experimental in nature. In the introduction to the text, the author discusses its dating and origins; and includes a comparison with the Old Javanese Uttar*a*kanda poem. Separate chapters are devoted to a description of contemporary life and ideas as reflected in this poem. According to the author, Tantular's poem is partly a reflection of the real world in which he lived, and is not to be seen merely as a tale, as Pigeaud has suggested in his Java in the 14th Century: a study in Cultural History (The Hague, 1960-1963). | ||
| 546 | |a English | ||
| 588 | |a Description based on print version record. | ||
| 650 | 0 | |a Kawi language |x Texts. | |
| 650 | 0 | |a Kawi language. | |
| 700 | 1 | |a Supomo, S., |e editor. | |
| 776 | 0 | 8 | |i Print version: |t Arjunawijaya : A kakawin of Mpu Tantular. |d Leiden ; Boston : Brill, 1977. |z 9789024719358 |w (DLC) 77553966 |
| 830 | 0 | |a Asian Studies - Book Archive pre-2000. | |
| 830 | 0 | |a Bibliotheca Indonesica ; |v 14. | |
| 856 | 4 | |z DOI: |u http://dx.doi.org/10.1163/9789004644588 | |
| 942 | |2 lcc |c EBOOK | ||
| 999 | |c 60861 |d 60861 | ||
